00535 2200193 4500001002100000005001500021035002000036007000300056008004100059020002200100082001000122084001600132100001400148245006400162250001100226260004000237300004600277700001800323INLIS00000000000047120221107104408 a0010-1122000065ta221107 b 1 ind  a978-602-252-837-1 a028.5 a028.5 ARL d0 aArleen A.1 aDahulu Ada Peternakan :bOnce There Was a Farm /cArleen A. aCet. I aJakarta :bErlangga For Kids,c2017 a30 halaman :bilustrasi berwarna ;c20 cm0 aKristin Wiman